| 000 | 00769cam a2200289 4500 | ||
|---|---|---|---|
| 001 | B94 | ||
| 008 | 090401t1986 xxu||||| |||| 00| 0 eng d | ||
| 035 | _a(Sirsi) u33003 | ||
| 041 | _aeng | ||
| 050 | _a333.33 | ||
| 100 | _aStapleton, Tim | ||
| 245 | _aEstate management practice | ||
| 250 | _a2nd ed. | ||
| 260 |
_aLondon _bEstates Gazette _c1986 |
||
| 300 | _axviii,384p. ; 22cm. | ||
| 350 | _a14.5 | ||
| 650 | _aPROPERTY-COMMERCIAL PROPERTY | ||
| 650 | _aINVESTMENT | ||
| 650 | _aLEASES | ||
| 650 | _aPROFESSIONAL PRACTICE | ||
| 650 |
_aProperty management _96262 |
||
| 650 | _aPROPERTY | ||
| 650 | _aPROPERTY-RESIDENTIAL PROPERTY-RESIDENTIAL LANDLORD AND TENANT-RESIDENTIAL TENANCIES | ||
| 650 | _aTAXATION | ||
| 942 | _n0 | ||
| 948 | _c04/03/1997 | ||
| 999 |
_c89771 _d89771 |
||